[Event "IND-ch U15 47th"]
[Site "New Delhi"]
[Date "2022.12.05"]
[Round "10"]
[White "Ankit, Ray"]
[Black "Swain, Arin Anwesh"]
[Result "1/2-1/2"]
[WhiteElo "1816"]
[BlackElo "1565"]
[PlyCount "68"]
[EventDate "2022.11.28"]
[EventType "swiss"]
[EventRounds "11"]
[EventCountry "IND"]
[SourceTitle "CBM 211 Extra"]
[Source "ChessBase"]
[SourceDate "2023.01.31"]
[SourceVersion "1"]
[SourceVersionDate "2023.01.31"]
[SourceQuality "1"]

1. d4 Nf6 2. c4 c5 3. d5 d6 4. Nc3 g6 5. g3 Bg7 6. Bg2 0-0 7. Nf3 Bd7 8. 0-0 Na6 9. h3 Rb8 10. a4 Nb4 11. e4 e6 12. Be3 e5 13. Ne1 Nh5 14. Kh2 Qe8 15. Bf3 Nf6 16. Nd3 Nxd3 17. Qxd3 a6 18. Bd2 Qc8 19. Bg2 Nh5 20. Qe2 Qe8 21. Bf3 Nf6 22. Bg2 Nh5 23. Bf3 Nf6 24. Bg2 Nh5 25. Bf3 Nf6 26. Rfb1 Qc8 27. Bg2 b6 28. b4 Qc7 29. Be3 Rfc8 30. b5 a5 31. Rf1 Rf8 32. Qd2 Ne8 33. f4 f5 34. Rad1 Qd8 1/2-1/2

[Event "IND-ch U15 47th"]
[Site "New Delhi"]
[Date "2022.11.29"]
[Round "3"]
[White "Swain, Arin Anwesh"]
[Black "Sreyas, Payyappat"]
[Result "0-1"]
[WhiteElo "1565"]
[BlackElo "2145"]
[PlyCount "64"]
[EventDate "2022.11.28"]
[EventType "swiss"]
[EventRounds "11"]
[EventCountry "IND"]
[SourceTitle "CBM 211 Extra"]
[Source "ChessBase"]
[SourceDate "2023.01.31"]
[SourceVersion "1"]
[SourceVersionDate "2023.01.31"]
[SourceQuality "1"]

1. d4 Nf6 2. Bf4 e6 3. Nf3 c5 4. e3 Nc6 5. c3 Nh5 6. Bg5 Qb6 7. Qc2 h6 8. Bh4 g5 9. Bg3 Nxg3 10. hxg3 Bg7 11. Nbd2 d5 12. dxc5 Qxc5 13. Nb3 Qb6 14. e4 dxe4 15. Qxe4 Bd7 16. Nfd2 Ne5 17. Qe2 0-0-0 18. f4 gxf4 19. gxf4 Ng6 20. g3 Bc6 21. Rh5 e5 22. f5 Ne7 23. 0-0-0 Bf6 24. Nc4 Qc7 25. Rxd8+ Rxd8 26. Kc2 Bg5 27. f6 Nd5 28. Rxg5 hxg5 29. Nxe5 Re8 30. Bh3+ Kb8 31. Nxc6+ Qxc6 32. Qd3 Nb4+ 0-1